|
|
|
|
| LEADER |
00000cam a2200000 a 4500 |
| 001 |
vtls010190953 |
| 003 |
SK-MaSNL |
| 005 |
20260302011457.0 |
| 008 |
240315s2010 xo a g 000 p slo |
| 015 |
|
|
|a SNBA2011/04-02160
|
| 020 |
|
|
|a 9788097046217
|q (viaz.)
|
| 040 |
|
|
|a SNK
|b slo
|c SNK
|e AACR2
|
| 041 |
0 |
|
|a slo
|
| 044 |
|
|
|a xo
|c SK
|
| 072 |
|
7 |
|a 821.162.4-1
|x Slovenská poézia
|2 konspekt
|
| 080 |
|
|
|a 821.162.4-1
|2 2001
|
| 100 |
1 |
|
|a Tóth, Jozef,
|d 1925-2022
|4 aut
|9 190354
|
| 245 |
1 |
0 |
|a Dielo
|b poézia
|c Jozef Tóth ; ilustroval Michal Tóth
|
| 246 |
1 |
0 |
|a Poézia
|
| 260 |
|
|
|a Bratislava
|b Spolok slovenských spisovateľov
|c 2010
|
| 300 |
|
|
|a 701 s.
|c 20 cm
|
| 650 |
0 |
7 |
|a básne
|2 SNK
|9 1275
|
| 655 |
|
7 |
|a Slovak poetry
|2 SNKPHeng
|9 265010
|
| 700 |
1 |
|
|a Tóth, Michal
|4 ill
|9 8818
|
| 852 |
|
|
|a Štátna vedecká knižnica v Banskej Bystrici
|
| 919 |
|
|
|a 978-80-970462-1-7
|
| 958 |
|
|
|a LX
|
| 968 |
|
|
|d 821
|
| 999 |
|
|
|c 1006281
|d 1008211
|
| 952 |
|
|
|a SNK
|b SNK
|y PREZ
|7 0
|p 17A0690330
|o snkSD 79944
|i snk2011/4905
|8 0
|0 0
|1 0
|4 0
|d 2011-03-04
|l 0
|r 2025-11-27 00:00:00
|w 2026-02-24
|
| 952 |
|
|
|a SNK
|b SNK
|y VYP
|7 0
|p 17A0690329
|o snkSD 79944 D1
|i snk2011/4906
|8 0
|0 0
|1 0
|4 0
|d 2011-03-04
|l 0
|r 2017-06-30 00:00:00
|w 2026-02-24
|